| 000 | 01032nam a2200241 u 4500 | ||
|---|---|---|---|
| 001 | 000375402 | ||
| 003 | AM-YeHGA | ||
| 005 | 20250617132019.0 | ||
| 008 | 041029s1973 ||||||||||||||||||||rus d | ||
| 040 | _aAM-YeHGA | ||
| 041 | 0 | _arus | |
| 245 | 0 | 0 |
_aЭкономическое обоснование проектов машиностроительных заводов / _cИ.С. Зотов, Р.Е. Говсиевич, Б.М. Куцин, Р.А. Француз. |
| 250 | _a3-е изд., перераб. и доп. | ||
| 260 |
_aМосква : _bМашиностроение, _c1973. |
||
| 300 |
_a528 с. : _b171 табл., 5 ил. |
||
| 504 | _aБиблиогр. 19 назв. | ||
| 650 | 1 | 4 | _aТеория машиностроения (машиноведение). Механика как теоретическая основа машиностроения |
| 700 | 1 | _aЗотов, И.С. | |
| 700 | 1 | _aГовсиевич, Р.Е. | |
| 700 | 1 | _aКуцин, Б.М. | |
| 700 | 1 | _aФранцуз, Р.А. | |
| 090 | _c144823 | ||
| 999 |
_c143442 _d143442 |
||